banner koha

Fungos micorrízicos arbusculares no crescimento e na nutrição mineral de mudas de Tectona grandis L. F. (Registro n. 259810)

MARC details
000 -LÍDER
fixed length control field 04665nab a2200289 i 4500
003 - CÓDIGO MARC DA AGÊNCIA CATALOGADORA
Campo de controle BR-BrBNA
005 - DATA E HORA DA ÚLTIMA ATUALIZAÇÃO
Campo de controle 20231205133727.0
008 - CAMPO DE TAMANHO FIXO
fixed length control field 231205b2018 bl.qr|pooa||| 00| 0 por |
040 ## - FONTE DA CATALOGAÇÃO
Agência catalogadora BR-BrBNA
Idioma da catalogação por
072 ## - CATEGORIA AGRIS
Código AGRIS P34
100 ## - ENTRADA PRINCIPAL - NOME PESSOAL
Nome pessoal Rodrigues, Luciana Aparecida
100 ## - ENTRADA PRINCIPAL - NOME PESSOAL
Nome pessoal Barroso, Deborah Guerra
100 ## - ENTRADA PRINCIPAL - NOME PESSOAL
Nome pessoal Fiqueiredo, Fábio Afonso M. M. de Assis
245 ## - TÍTULO PRINCIPAL
Título principal Fungos micorrízicos arbusculares no crescimento e na nutrição mineral de mudas de Tectona grandis L. F.
500 ## - NOTA GERAL
Nota geral Publicação on-line; 31 ref.; 4 tables; Summaries (En, Pt)
942 ## - ADDED ENTRY ELEMENTS (KOHA)
Koha item type
520 ## - NOTA DE RESUMO
Nota de conteúdo <br/><br/>RESUMO<br/>Associações simbióticas de espécies arbóreas com fungos micorrízicos podem proporcionar o maior<br/>crescimento e nutrição das mudas, sendo alternativas importantes para o estabelecimento no campo,<br/>principalmente em áreas com restrições edáficas ou para espécies com alta exigência nutricional. No Brasil,<br/>o cultivo de Tectona grandis (teca) tem sido realizado em regiões do cerrado, em solos de baixa fertilidade.<br/>O presente trabalho objetivou avaliar o efeito da inoculação de fungos micorrízicos arbusculares (FMAs)<br/>sobre o crescimento e nutrição mineral de mudas de teca. O experimento foi realizado em delineamento<br/>em blocos casualizados (seis blocos), com quatro tratamentos: 1) Testemunha (sem inoculação de fungos<br/>micorrízicos); 2) Inoculação com Rhizophagus clarus; 3) Inóculo de FMAs obtido de plantio de teca no<br/>Mato Grosso (inóculo MT) com vinte anos; e 4) Inóculo de FMAs nativos de cava de extração de argila<br/>de Campos dos Goytacazes (inóculo de Campos). As plântulas foram inoculadas e cultivadas em vasos de<br/>6 dm3, por 135 dias, e foram avaliadas quanto à altura e ao diâmetro da base do caule. Amostras de raízes<br/>foram coletadas para avaliação da porcentagem de colonização com FMAs. As raízes e a parte aérea foram<br/>secas, separadamente, em estufa de circulação forçada de ar (a 650 C por 72 horas) e em seguida determinada<br/>a massa seca e teores de P, K e S. A inoculação com fungos micorrízicos, principalmente o isolado de<br/>Rhizophagus clarus e o inóculo de Campos, proporcionou maior crescimento e maior aquisição em relação<br/>a K e S das mudas de teca. A inoculação com os fungos micorrízicos proporcionou maior eficiência de<br/>utilização de nutrientes.<br/><br/>Palavras-chave: Teca; micorrizas; produção de mudas.
520 ## - NOTA DE RESUMO
Nota de conteúdo <br/><br/>ABSTRACT<br/>Symbiotic associations between tree species and mycorrhizal fungi may lead to better growth and nutrition<br/>of seedlings and so it becomes an important alternative to the establishment in the field, mainly in edaphic<br/>restriction areas, or to species of high nutritional demands. The cultivation of Tectona grandis (teca) in<br/>Brazil has been conducted in Cerrado areas with low fertility soils. The aim of the present study is to<br/>assess the effect of arbuscular mycorrhizal fungi (AMF) inoculation on the growth and mineral nutrition<br/>of teca seedlings. The experiment was performed in randomized blocks (six blocks), with four repetitions:<br/>1) witness (inoculation-free mycorrhizal fungi); 2) inoculation with Rhizophagus clarus; 3) native AMF<br/>inoculum from twenty-year old teca cultivation in Mato Grosso state (MT inoculum); and 4) native AMF<br/>inoculum from clay extraction in Campos do Goytacazes (Campos inoculum). The plantlets were inoculated<br/>and cultivated in 6 dm³ pots for 135 days and assessed for stem hight and diameter of the stem base. Root <br/>samples were collected in order to assess the percentage of AMF colonization. The roots and the aerial<br/>part were dried, separately, in a forced air circulation oven at 65°C for 72 hours. Subsequently, the dry<br/>weight and the content of P, K AND S were determined. The mycorrhizal fungi inoculation, mainly the<br/>Rhizophagus clarus isolate and the Campos inoculum, has promoted better growth and K and S acquisition<br/>by teca seedlings. The inoculation using mycorrhizal fungi allowed greater nutrient use efficiency.<br/><br/>Keywords: Teca; mycorrhizae; seedling production.
650 ## - ASSUNTO - THESAGRO
Cabeçalho tópico ou nome geográfico TECA
650 ## - ASSUNTO - THESAGRO
Cabeçalho tópico ou nome geográfico MICORRIZA
650 ## - ASSUNTO - THESAGRO
Cabeçalho tópico ou nome geográfico PRODUÇÃO
650 ## - ASSUNTO - THESAGRO
Cabeçalho tópico ou nome geográfico MUDA
650 ## - ASSUNTO - THESAGRO
Cabeçalho tópico ou nome geográfico TECTONA GRANDIS
773 0# - ENTRADA ANALÍTICA
Host Biblionumber 4065
Registro do item 198128
Imprenta Santa Maria-RS Universidade Federal de Santa Maria - Centro de Pesquisas Florestais.Departamento de Ciências Florestais. Programa de Pós-Graduação em Engenharia Florestal 1991
Outro identificador 2023-437009
Título Ciência Florestal (Brazil)
ISSN 0103-9954; 1980-5098 (on-line)
Colação v. 28(1) p. 25-34; (Jan-Mar 2018)
Número de controle de registro BR2023001419
856 ## - ACESSO E ENDEREÇO ELETRÔNICO
Identificador uniforme de recurso - URI https://www.scielo.br/j/cflo/a/sYjg68QXYRNT7zNfZsgXqJF/?format=pdf&lang=pt

Nenhum exemplar disponível.

BINAGRI

Telefone: (61)3218-2567/2388/3357/2097 - binagri@agro.gov.br

Ministério da Agricultura e Pecuária , Esplanada dos Ministérios, Bloco D, Anexo B, Brasília/DF, CEP: 70.043-900